000 00326nam a2200121Ia 4500
008 220204s9999 xx 000 0 und d
082 _a581.2
_bANN.04
245 0 _aAnnual review of phytopathology. V 04
260 _aCalifornia
_bAnnual Reviews Inc
_c1966
650 _aPhytopathology
650 _aPowdery mildew
942 _cBK
999 _c20741
_d20741